Beyond buzz : (Record no. 75346)

MARC details
000 -LEADER
fixed length control field 00565nam a22001817a 4500
005 - DATE AND TIME OF LATEST TRANSACTION
control field 20130509143644.0
010 ## - LCCN (DPL NO)
LC control number ENG-107024
020 ## - INTERNATIONAL STANDARD BOOK NUMBER
International Standard Book Number 9788184050721
Terms of availability 850.00
035 ## - SYSTEM CONTROL NUMBER
System control number EN-90557
082 ## - DEWEY DECIMAL CLASSIFICATION NUMBER
Classification number 658.8
100 ## - MAIN ENTRY--PERSONAL NAME
Personal name Kelly, Lois
245 ## - TITLE STATEMENT
Title Beyond buzz :
Statement of responsibility, etc by Lois Kelly
Remainder of title the next generation of word of mouth marketing /
260 ## - PUBLICATION, DISTRIBUTION, ETC. (IMPRINT)
Place of publication, distribution, etc New Delhi
Name of publisher, distributor, etc Reference Press
Date of publication, distribution, etc 2011
270 ## - ADDRESS
Address 4831/24, Ansari Road, Daryaganj
City New Delhi
Postal code 110002
300 ## - PHYSICAL DESCRIPTION
Extent x, 228p.:
Other physical details ill.
Dimensions 22cm(Hb)
500 ## - GENERAL NOTE
General note Includes index
942 ## - ADDED ENTRY ELEMENTS (KOHA)
Source of classification or shelving scheme Dewey Decimal Classification
Item type English Books
Classification part 658.8
Call number suffix KEL
Holdings
Withdrawn status Lost status Not for loan Collection code Home library Current library Date acquired Source of acquisition Cost, normal purchase price Full call number Barcode Copy number Cost, replacement price Koha item type
    Not For Loan Non-fiction D.B.Act.Division D.B.Act.Division 09/05/2013 DBAD 850.00 658.8 KEL EN-90557 1 850.00 English Books

© Delhi Public Library
Hit Counter
free hit counter